00992nam a2200325Ia 4500008004100000020001900041100002200060245003900082245012300121260001500244260002000259260000900279300001700288300003300305300001100338440002400349440001100373500004700384650002300431650001600454650001300470650004900483650002400532650001400556650002200570650002200592650002200614650002200636700000800658160803s9999 xx 000 0 und d a978-0439691413 aStilton, Geronimo aShipwreck on the Pirate Islands /  cGeronimo Stilton ; illustrations by Johnny Stracchino and Mary Fontina ; English translation by Edizioni Piemme S.p.A. aNew York : bScholastic Inc. c2005 a107 pages :  bcolor illustrations, maps ;  c20 cm. aGeronimo Stilton ;  vbk. 18 aTranslation of: Isola del tesoro fantasma. aBuried treasure -- aIslands --  aMice --  aStilton, Geronimo (Fictitious character) --  aTreasure troves --  x Fiction. xJuvenile fiction. xJuvenile fiction. xJuvenile fiction. xJuvenile fiction. a490